01022nam a22001577a 4500003000900000005001700009008004100026040001300067110008600080245017700166300004000343500027200383650004600655651004200701856012100743BR-ViAPE20260508141844.0260508s1923 por gss|||f001 0 por d cBR-ViAPE aMinistério da Agricultura, Indústria e ComérciobDiretoria de Estatística aRecenseamento do Brasil, realizado em 1 de setembro de 1920: brelação dos proprietários dos estabelecimentos rurais recenseados no Estado do Espírito Santo - Serra a11 p.bDocumento digitalizado (PDF) aDocumento integrante do Recenseamento do Brasil de 1920, contendo levantamento estatístico e nominal de estabelecimentos rurais do município de Serra (ES).aDocumento digitalizado do acervo institucional do Arquivo Público do Estado do Espírito Santo - APEES. aPropriedade ruralxHistóriazSerra (ES) aSerra (ES)zEspírito Santo (Brasil) uhttps://ape.es.gov.br/Media/ape/PDF/Recenseamento/Recenseamento_1920_Serra.pdfyCLIQUE AQUI PARA ACESSAR O DOCUMENTO